|
|
|
|
| LEADER |
00000cam a2200000 a 4500 |
| 001 |
179 |
| 005 |
20231118062628.0 |
| 008 |
000000|1909 ||||||||r|||||||||||spa|| |
| 040 |
|
|
|b spa
|
| 041 |
1 |
|
|a spa
|
| 082 |
0 |
|
|a 107
|
| 100 |
1 |
|
|a Mercier, D.
|9 15892
|
| 245 |
|
|
|a Tratado elemental de filosofía para uso de las clases
|c D. Mercier, trad. de José de Besalú
|h imp
|n tomo 1
|
| 264 |
|
|
|a Barcelona
|b Luis Gili-Editor
|c 1909
|
| 300 |
|
|
|a 713 páginas:
|c 20.5 cm
|
| 504 |
|
|
|a incl. ref.
|
| 650 |
|
0 |
|a Filosofía ecuatoriana
|9 15970
|
| 650 |
|
|
|a Nociones propeduticas
|9 15971
|
| 650 |
|
0 |
|a Cosmología
|9 14435
|
| 650 |
|
|
|a Criteriologia
|9 15972
|
| 650 |
|
0 |
|a Ontología
|9 4863
|
| 852 |
|
|
|a UC-CDJBV
|c ESTANTERIA CERRADA
|f Compra
|k margarita.gutierrez
|l 1
|m Limitada
|p 00000000
|q 50.00
|t 179
|y 62680
|b 1
|d CDRC
|e CDRC
|g 107 ESTANTERIA CERRADA
|z 0000-00-00
|
| 856 |
|
|
|a http://sibuc.ucuenca.edu.ec/portada/179-cdj.jpg
|
| 942 |
|
|
|c BK
|
| 999 |
|
|
|c 8909
|d 8909
|